00421nam a2200145Ia 4500003000400000008004100004020002300045040000800068100002800076245010800104250001200212260002600224300001300250365001200263LDD181029s9999 xx 000 0 und d a415361222cP 70.00 cLDD aMeckled-Garcia, Saladin 0aTheLegalization of Human Rightsbmultidisciplinary perspectives on human rightscSaladin Meckled-Garcia a1st Ed. aOxonbRoutledgec2006 ax, 208p. bP 70.00